|
|
|
|
| LEADER |
00000nas a2200000 a 4500 |
| 001 |
ssj0000402367 |
| 003 |
WaSeSS |
| 005 |
20200512172242.0 |
| 006 |
m d |
| 007 |
cr n |
| 008 |
090403c20009999bl fr p s f0 0por c |
| 010 |
|
|
|a 2009252933
|
| 022 |
|
|
|y 1517-7599
|
| 035 |
|
|
|a (WaSeSS)ssj0000402367
|
| 040 |
|
|
|a NDD
|b eng
|c NDD
|d NYP
|d WAU
|d OCLCE
|d OCLCQ
|d OCLCF
|d OCLCQ
|d WaSeSS
|
| 042 |
|
|
|a pcc
|
| 050 |
1 |
4 |
|a ML457
|b .P45
|
| 130 |
0 |
|
|a Per musi (Online)
|
| 245 |
1 |
0 |
|a Per musi
|h [electronic resource] :
|b revista de performance musical.
|
| 246 |
1 |
3 |
|a Revista de performance musical
|
| 260 |
|
|
|a Belo Horizonte, MG :
|b Pós-Graduação Escola de Música, Universidade Federal de Minas Gerais
|
| 310 |
|
|
|a Semiannual
|
| 362 |
1 |
|
|a Began with: Vol. 1 (2000).
|
| 500 |
|
|
|a Subtite varies: "Revista de performance musical", v. 1 (2000)--v. 8 (junho/dez. 2003); "Revista de acadêmica de música", v. 9 (jan./junho 2004)-
|
| 506 |
|
|
|a License restrictions may limit access.
|
| 546 |
|
|
|a Portuguese with abstracts also in English.
|
| 588 |
|
|
|a Description based on: Vol. 1 (2000); title from journal home page (publisher's Web site, viewed Apr. 3, 2009).
|
| 588 |
|
|
|a Latest issue consulted: Vol. 19 (jan./junho 2009) (publisher's Web site, viewed Aug. 18, 2009).
|
| 650 |
|
0 |
|a Music
|x Performance
|v Periodicals.
|
| 650 |
|
7 |
|a Music
|x Performance.
|2 fast
|0 (OCoLC)fst01030398
|
| 655 |
|
0 |
|a Electronic journals.
|
| 710 |
2 |
|
|a Escola de Música da UFMG.
|b Programa de Pós-Graduação.
|
| 856 |
4 |
0 |
|z Full text available from Research Library: 07/01/2008 to 09/30/2016
|u https://search.proquest.com/publication/2047732
|